| 000 | 00870nam a22002657a 4500 | ||
|---|---|---|---|
| 001 | 3931 | ||
| 003 | FISKH | ||
| 005 | 20240524130407.0 | ||
| 008 | 240524b cb ||||| |||| 00| 0 eng d | ||
| 040 |
_aFISK _beng _cFISK _dFISK |
||
| 050 | _aPZ7.S41267 | ||
| 082 | _a813.54 | ||
| 100 |
_aScieszka Jon _d1954- |
||
| 245 |
_aYour mother was a neanderthal / _cJon Scieszka |
||
| 260 |
_aNew York : _bPuffin Books , _c1995 |
||
| 300 |
_a78 pages : _billustrations ; _c20 cm |
||
| 490 |
_aThe time warp trio _v4 number |
||
| 505 | _aM | ||
| 520 | _aThe Time Warp Trio find themselves in the middle of an adventure in prehistoric times, where cave art is a form of graffiti and "rock" music takes on a whole new meaning. | ||
| 521 | 8 |
_a610
_bLexile |
|
| 521 | 8 |
_aM
_bRaz-Plus |
|
| 700 | _aJon Scieszka | ||
| 942 |
_2ddc _cBK _n0 |
||
| 999 |
_c3931 _d3931 |
||